| 000 | 00452nam a22001577a 4500 | ||
|---|---|---|---|
| 008 | 230612b |||||||| |||| 00| 0 eng d | ||
| 020 | _a0-471-74449-2 | ||
| 040 |
_aNational Science Library _cNational Science Library |
||
| 080 |
_a628.1/.5 _bL7 |
||
| 100 |
_aBerthouex, P Mac _911374 |
||
| 245 | _aStrategy of pollution control | ||
| 260 |
_aNew York: _bJohn Wiley and Sons, _c1977 |
||
| 300 | _aix, 579p. | ||
| 650 | _aScience | ||
| 942 |
_2udc _cBK |
||
| 999 |
_c41863 _d41863 |
||